Διερεύνηση προτύπων ποικιλότητας θαλάσσιων οργανισμών σε τεχνιτά υποστρώματα στον κόλπο Γέρας : πτυχιακή εργασία
Αποθηκεύτηκε σε:
| Κύριος συγγραφέας: | |
|---|---|
| Συγγραφή απο Οργανισμό/Αρχή: | |
| Άλλοι συγγραφείς: | , |
| Μορφή: | Thesis Βιβλίο |
| Γλώσσα: | Greek |
| Δημοσίευση: |
Μυτιλήνη :
Πανεπιστήμιο Αιγαίου, Τμήμα Επιστημών της Θάλασσας,
2006
|
| Θέματα: | |
| Ετικέτες: |
Προσθήκη ετικέτας
Δεν υπάρχουν, Καταχωρήστε ετικέτα πρώτοι!
|
MARC
| LEADER | 00000cam a2200000 i 4500 | ||
|---|---|---|---|
| 001 | 1/28508 | ||
| 008 | 060502s2006 gre d | ||
| 035 | |l 10083670 | ||
| 040 | |a GR-MY-UA |b gre |e aacr | ||
| 041 | 0 | |a gre | |
| 082 | 0 | |a 578.77 |2 (22) | |
| 100 | 1 | |a Βερβέρη, Ειρήνη. | |
| 245 | 1 | 0 | |a Διερεύνηση προτύπων ποικιλότητας θαλάσσιων οργανισμών σε τεχνιτά υποστρώματα στον κόλπο Γέρας : |b πτυχιακή εργασία / |c Βερβέρη Ειρήνη ; υπεύθυνοι καθηγητές: Ιωάννης Μπατζάκας, Δρόδος Κουτσούμπας |
| 260 | |a Μυτιλήνη : |b Πανεπιστήμιο Αιγαίου, Τμήμα Επιστημών της Θάλασσας, |c 2006 | ||
| 300 | |a 124 σ.; |b εικ., διαγρ.; |c 30 εκ. | ||
| 502 | |a Πτυχιακή εργασία – Πανεπιστήμιο Αιγαίου, Λέσβος, 2004. | ||
| 504 | |a Βιβλιογραφία: σ. 97-102 | ||
| 650 | 0 | 0 | |a Marine ecology |z Greece |z Yera. |
| 650 | 0 | 0 | |a Marine biological diversity |z Greece |z Yera. |
| 650 | 0 | 0 | |a Coastal ecology |z Greece |z Yera. |
| 650 | 0 | 0 | |a Dissertations, Academic |z Greece. |
| 700 | 1 | |4 ths |a Κουτσούμπας, Δρόσος. | |
| 700 | 1 | |4 ths |a Μπατζάκας, Ιωάννης Ε. | |
| 710 | 2 | |a Πανεπιστήμιο Αιγαίου |b Σχολή Περιβάλλοντος |b Τμήμα Επιστημών της Θάλασσας. | |
| 852 | |a INST |b LESVOS |c DIATR |e 20060502 |h 145 |p 005100035384 |q 005100035384 |t DIE |y 23 | ||
| 852 | |a INST |b LESVOS |c DIATR |e 20060502 |h 146 |p 005100035341 |q 005100035341 |t DIE |y 23 | ||
| 901 | |a BIBL1-2006-1 | ||
| 909 | |a Λ |b 126293 | ||
| 909 | |a Λ |b 126294 | ||
| 924 | |a ΒΕΡΒΕΡΗ |b ΕΙΡΗΝΗ |y ΛΕΣΒΟΣ |z 2006-04 | ||
| 970 | |a ΜΑΡΙΝΑΤΟΥ |b ΜΥΡΣΙΝΗ |z 2006/05/02 | ||